Eldest Siblings on TV Quiz Stats

 Plays Quiz Updated Aug 28, 2015

Score 0/24 Timer 08:00
1 Play Today
% Correct
Bart Simpson
99.1%
Ross Geller
89.5%
Meg Griffin
71.3%
D.J. Tanner
68.6%
Greg Brady
61%
Judy Jetson
60.1%
J.R. Ewing
59.9%
Alex P. Keaton
51%
Haley Dunphy
45.9%
John 'John-Boy' Walton Jr.
44.9%
Robert Barone
44.1%
Wallace 'Wally' Cleaver
43.4%
% Correct
George Oscar 'G.O.B.' Bluth II
42.5%
Kelly Bundy
39.2%
Hilary Banks
38.6%
Walter White Jr.
34.4%
Eric Matthews
33.6%
Carl Grimes
31.9%
Brad Taylor
31.7%
Tina Belcher
30.6%
Francis Wilkerson
28.8%
Laurie Forman
27.9%
Meadow Soprano
26.7%
Eddie Winslow
21.2%

You're not logged in!

Compare scores with friends on all Sporcle quizzes.
OR
Log In

You Might Also Like...

Show Comments

Extras

Top Quizzes Today


Score Distribution

Your Account Isn't Verified!

In order to create a playlist on Sporcle, you need to verify the email address you used during registration. Go to your Sporcle Settings to finish the process.

Report this User

Report this user for behavior that violates our Community Guidelines.

Details: